| 000 | 00648nam a2200217 a 4500 | ||
|---|---|---|---|
| 005 | 20140310183540.0 | ||
| 008 | 111111s19uu xx 00 eng d | ||
| 020 | _a9781412979740 | ||
| 050 |
_aLB 1072 _b.P69 2010 |
||
| 100 | _aPowell, William | ||
| 245 |
_aBecoming an emotionally intelligent teacher / _cWilliam Powell, Ochan Kusuma-Powell. |
||
| 260 |
_aCalifornia : _bCorwin Press, _c2010. |
||
| 300 |
_a192 p. : _bill. ; _c24 cm. |
||
| 521 | _aEDU | ||
| 650 | _aAffective education | ||
| 650 | _aEmotional intelligence | ||
| 650 | _aEmotion and cognition | ||
| 700 | _aPowell, Ochan Kusuma | ||
| 942 |
_cBK _2lcc _kFOR |
||
| 999 |
_c24783 _d24783 |
||